Statistiques concernant Avions et Hélicoptère Français (non exhaustive) #1

Cliquez ici pour prendre le quiz!

Statistiques générales

  • Ce quiz a été pris 148 fois
  • Le résultat moyen est 10 sur 16

Statistiques - réponses

Réponse% Correct
Rafale
99%
Mirage 2000
92%
AlphaJet
90%
EC665 Tigre
87%
Airbus A400M
84%
SA340 Gazelle
70%
Airbus A330 Phénix MRTT
60%
Mirage F1
59%
SPEPECAT Jaguar
59%
Super Etendard
59%
C160 Transall
47%
NH90
42%
Atlantique 2
40%
H215 Super Puma
40%
H160
27%
Falcon 50
16%

Distribution des résultats

Percentile par nombre de réponses

% des personnes avec chaque résultat

Votre développement - résultats

Vous n’avez pas pris ce quiz